WWE Roster 2025 - Statistiques

Statistiques générales
  • Ce quiz a été pris 379 fois
    118 depuis la dernière actualisation
  • Le résultat moyen est 54 sur 132
Statistiques - réponses
Hint Réponse % Correct
Roman Reigns
85%
Roman reigns
85%
World Heavyweight Champion CM Punk
83%
Seth Rollins
79%
AAA Mega Champion / Intercontinental champion Dominik Mysterio
78%
Tag team Champion Jey Uso
78%
Tag Team Champion Jimmy Uso
76%
Women's intercontinental champion Becky Lynch
75%
Cody Rhodes
72%
Women's tag champion Rhea Ripley
72%
Women's tag team champion Iyo Sky
71%
Manager General Raw Adam Pearce
69%
Bron Breakker
68%
AJ Styles
67%
Gunther
67%
Logan Paul
67%
Bronson Reed
65%
Randy Orton
65%
WWE World Champion Drew Mcintyre
64%
Rey Mysterio
64%
Finn Balor
63%
Tag Team Champion Solo Sikoa
63%
John Cena
61%
Liv Morgan
61%
Asuka
60%
Austin Theory
60%
Brock Lesnar
60%
Charlotte Flair
60%
Manager general Smackdown Nick Aldis
60%
Sami Zayn
60%
United States Champion Carmelo Hayes
58%
Manager Paul Heyman
58%
Penta
57%
AJ Lee
56%
WWE Women's Champion Jade Cargill
56%
Alexa Bliss
54%
Raquel Rodriguez
54%
Damien Priest
51%
Women's world champion Stephanie Vaquer
51%
Tag Team Champion Tama Tonga
51%
CCO Triple H/Paul Levesque
51%
Kevin Owens
50%
Otis
50%
Bayley
49%
Bianca Belair
49%
Dragon Lee
49%
El Grande Americano
49%
Commentateur Michael Cole
49%
Tonga Loa
49%
Jacob Fatu
47%
Nia Jax
47%
Roxanne Perez
47%
Ilja Dragunov
46%
AAA World Mixed Tag Team Champions Chelsea Green
44%
Kofi Kingston
44%
Xavier Woods
44%
Akira Tozawa
43%
Erik
43%
Kairi Sane
43%
R-Truth
43%
Tiffany Stratton
43%
Chad Gable
42%
Naomi
40%
Jd Mcdonagh
39%
Uncle Howdy
39%
Dexter Lumis
38%
Rey Fenix
38%
Ivar
36%
Lyra Valkyria
36%
Trick Williams
36%
Zelina
36%
Axiom
35%
Grayson Waller
35%
Johnny Gargano
35%
LA Knight
35%
Aleister Black
33%
Annonceuse Alicia Taylor
33%
Erick Rowan
33%
Sheamus
33%
Commentateur Wade Barett
33%
Maxxine Dupri
32%
Miz
32%
Natalya
32%
Commentateur Pat Mcafee
32%
Talla Tonga
32%
Lash Legend
31%
Alba Fyre
29%
Jc Mateo
29%
Nikki Cross
29%
Shinsuke Nakamura
29%
Andrade
28%
Angel
28%
Joe Gacy
28%
Agent Libre Big E
26%
Commentateur Corey Graves
26%
Nathan frazer
26%
Nikki Bella
26%
Rusev
26%
Montez Ford
25%
B-Fab
24%
Giulia
24%
Kit Wilson
24%
CO-CCO Stephanie Mcmahon
24%
Berto
22%
Michin
22%
Santos Escobar
22%
Angelo Dawkins
21%
Apollo Crews
19%
Kiana James
19%
Brutus Creed
18%
Intervieweur Byron Saxton
18%
Pete Dunne
18%
Piper Niven
18%
Tommaso Ciampa
18%
Candice Lerae
17%
Alex Shelley
15%
Chris Sabin
15%
Ivy Nyle
15%
Tyler Bate
15%
Intervieweuse Cathy Kelley
14%
Julius Creed
14%
Intervieweuse Jackie Redmond
13%
Cruz Del Toro
11%
Elton Prince
11%
Commentateur Joe Tessitore
10%
Joaquin Wilde
8%
Zoey Stark
8%
Trish Stratus
7%
Annonceur Mark Nash
6%
Bravo Americano
1%
Rayo Americano
1%
Aucun quiz correspondant
Distribution des résultats
% des personnes avec chaque résultat
Percentile par nombre de réponses
Votre historique - résultats
Vous n’avez pas pris ce quiz depuis la dernière actualisation